Prof. G Ram Reddy Library

जगदगुरु शंकराचार्य (Record no. 193303)

MARC details
000 -LEADER
fixed length control field 00597nam a2200181Ia 4500
003 - CONTROL NUMBER IDENTIFIER
control field LDD
008 - FIXED-LENGTH DATA ELEMENTS--GENERAL INFORMATION
fixed length control field 190327s9999 xx 000 0 und d
020 ## - INTERNATIONAL STANDARD BOOK NUMBER
Terms of availability 15000
040 ## - CATALOGING SOURCE
Transcribing agency LDD
082 ## - DEWEY DECIMAL CLASSIFICATION NUMBER
Classification number 8H3.7 ना1664ज
100 ## - MAIN ENTRY--PERSONAL NAME
Personal name नागर, जनार्दनराय
245 #0 - TITLE STATEMENT
Title जगदगुरु शंकराचार्य
250 ## - EDITION STATEMENT
Edition statement सप्तक भाग
260 ## - PUBLICATION, DISTRIBUTION, ETC.
Place of publication, distribution, etc. उदयपुर
Name of publisher, distributor, etc. साहित्य संस्थान
Date of publication, distribution, etc. 1991
500 ## - GENERAL NOTE
General note Gifted by : प्रफुल्ल नागर (उदयपुर)
942 ## - ADDED ENTRY ELEMENTS (KOHA)
Source of classification or shelving scheme Dewey Decimal Classification
Koha item type Books
949 ## - LOCAL PROCESSING INFORMATION (OCLC)
a G016046
Holdings
Withdrawn status Lost status Source of classification or shelving scheme Damaged status Not for loan Home library Current library Date acquired Total Checkouts Full call number Barcode Date last seen Price effective from Koha item type
No   Dewey Decimal Classification     Library and Documentation Division Library and Documentation Division 03/27/2019   8H3.7 ना1664ज G016046 03/27/2019 03/27/2019 Books

© Prof. G Ram Reddy Centre Library, Indira Gandhi National Open University, Maidan Garhi, New Delhi, 110068
+91-011-29532797 | FAX+91-011-29533393 |